000 01711cam a2200361 4500500
005 20260405000959.0
041 _afre
042 _adc
100 1 0 _aDudkiewicz-Sibony, Charlotte
_eauthor
245 0 0 _aAnonymat du don de gamètes et « origines » : une autre écoute
260 _c2022.
500 _a60
520 _aThe new law of 2021 reforms gamete donation. Anonymity remains between the partners but the child, when he/she reaches 18 years old, can know the identity of the third-party donor and have access to “non-identifying data”. Is it, as it is written in the law, a right of access to one’s “origins” ?
520 _ala nouvelle loi de 2021 réforme le don de gamètes. L’anonymat demeure entre les partenaires, mais il y a possibilité pour l’enfant, lorsqu’il atteint 18 ans, de connaître l’identité du tiers donneur et d’accéder à des « données non identifiantes ». S’agit-il, comme c’est écrit dans la loi, de droit d’accès à ses « origines » ?
690 _a« données non identifiantes »
690 _a« origine »
690 _aanonymat
690 _adon de gamètes
690 _adroit aux origines
690 _aidentité
690 _aparents
690 _atransmission.
690 _a“origin”
690 _aanonymity
690 _agamete donation
690 _aidentity
690 _anon-identifying data
690 _aparents
690 _aright to origins
690 _atransmission
786 0 _nMédecine de la Reproduction | 24 | 3 | 2022-07-01 | p. 356-359 | 2650-8427
856 4 1 _uhttps://stm.cairn.info/revue-medecine-de-la-reproduction-2022-3-page-356?lang=fr&redirect-ssocas=7080
999 _c2042821
_d2042822